[Event "HUN-chT2 Szechenyi 1314"]
[Site "Hungary"]
[Date "2014.03.02"]
[Round "8.1"]
[White "Ruszin, Anna"]
[Black "Gutmann, Alois"]
[Result "1-0"]
[WhiteElo "2087"]
[BlackElo "2037"]
[PlyCount "103"]
[EventDate "2013.09.08"]
[EventType "team-tourn"]
[EventRounds "11"]
[EventCountry "HUN"]
[SourceTitle "EXT 2016"]
[Source "ChessBase"]
[SourceDate "2015.10.08"]
[SourceVersion "1"]
[SourceVersionDate "2015.10.08"]
[SourceQuality "1"]
[WhiteTeam "Zala Volan"]
[BlackTeam "Szombathely Haladas III"]
[WhiteTeamCountry "HUN"]
[BlackTeamCountry "HUN"]

1. e4 e6 2. d4 d5 3. Nc3 Nf6 4. Bg5 Bb4 5. e5 h6 6. Be3 Bxc3+ 7. bxc3 Ne4 8. Qg4 g5 9. Bd3 Nxc3 10. h4 h5 11. Qxg5 Qxg5 12. hxg5 c5 13. Kd2 Ne4+ 14. Bxe4 dxe4 15. c3 cxd4 16. cxd4 Bd7 17. Ne2 Bc6 18. Nf4 Nd7 19. Nxh5 0-0-0 20. Kc2 Nb6 21. Nf4 Nd5 22. Nxd5 Bxd5 23. Rh6 Rhg8 24. Kb2 Rd7 25. Rah1 Rg7 26. Rh8+ Rd8 27. R8h7 Rdg8 28. a3 Kd7 29. Rxg7 Rxg7 30. Rh8 b6 31. Kc3 Bc6 32. Kb4 Kc7 33. Kc3 a5 34. Rf8 Rh7 35. g6 fxg6 36. Rf6 Bd5 37. Rxg6 Kc6 38. Rg8 b5 39. g4 Rb7 40. g5 b4+ 41. axb4 axb4+ 42. Kb2 Ra7 43. g6 Ra2+ 44. Kb1 Ra3 45. g7 Rb3+ 46. Kc1 Rc3+ 47. Kd2 Rd3+ 48. Ke1 Kd7 49. Rb8 Rb3 50. g8Q Rb1+ 51. Kd2 Rb2+ 52. Kc1 1-0

[Event "HUN-chT2 Szechenyi 1314"]
[Site "Hungary"]
[Date "2014.02.09"]
[Round "6.1"]
[White "Ruszin, Anna"]
[Black "Marton, Gabriella"]
[Result "1-0"]
[WhiteElo "2087"]
[BlackElo "2078"]
[PlyCount "97"]
[EventDate "2013.09.08"]
[EventType "team-tourn"]
[EventRounds "11"]
[EventCountry "HUN"]
[SourceTitle "EXT 2016"]
[Source "ChessBase"]
[SourceDate "2015.10.08"]
[SourceVersion "1"]
[SourceVersionDate "2015.10.08"]
[SourceQuality "1"]
[WhiteTeam "Zala Volan"]
[BlackTeam "Arboretum"]
[WhiteTeamCountry "HUN"]
[BlackTeamCountry "HUN"]

1. e4 c5 2. Nf3 d6 3. d4 cxd4 4. Qxd4 Nc6 5. Bb5 Bd7 6. Bxc6 Bxc6 7. c4 Nf6 8. Nc3 g6 9. 0-0 Bg7 10. Rb1 0-0 11. Qd3 Rc8 12. b4 b6 13. Bb2 Qc7 14. Rfc1 Bh6 15. Rc2 b5 16. Re2 bxc4 17. Qxc4 Qb6 18. Qd4 Rb8 19. a3 Bg7 20. Qxb6 Rxb6 21. Nd2 Bb5 22. Nxb5 Rxb5 23. Nb3 Rc8 24. f3 Nd7 25. Rc1 Rbb8 26. Bxg7 Rxc1+ 27. Nxc1 Kxg7 28. Rc2 Rb7 29. Nb3 Nb6 30. Kf2 Kf6 31. Ke3 e6 32. Rc6 Rd7 33. Kd4 Ke7 34. f4 f6 35. g3 e5+ 36. Ke3 h6 37. Kf3 g5 38. Kg4 Kf7 39. h4 gxf4 40. gxf4 exf4 41. Kxf4 Kg6 42. Nd4 d5 43. e5 Rf7 44. e6 Re7 45. Nf5 Re8 46. h5+ Kh7 47. Rc7+ Kh8 48. e7 d4 49. Ke4 1-0

[Event "HUN-ch (Women) 60th"]
[Site "Kisvarda"]
[Date "2012.12.12"]
[Round "9"]
[White "Kovacs, Klara"]
[Black "Ruszin, Anna"]
[Result "1/2-1/2"]
[WhiteElo "2210"]
[BlackElo "2133"]
[PlyCount "107"]
[EventDate "2012.12.04"]
[EventType "tourn"]
[EventRounds "9"]
[EventCountry "HUN"]
[SourceTitle "EXT 2014"]
[Source "ChessBase"]
[SourceDate "2013.11.20"]
[SourceVersion "1"]
[SourceVersionDate "2013.11.20"]
[SourceQuality "1"]

1. Nf3 d6 2. e4 c5 3. d4 cxd4 4. Nxd4 Nf6 5. Nc3 g6 6. Be3 Bg7 7. f3 a6 8. Qd2 Nc6 9. 0-0-0 Nxd4 10. Bxd4 Be6 11. h4 h5 12. Nd5 Bxd5 13. exd5 Bh6 14. Be3 Bxe3 15. Qxe3 Rc8 16. Kb1 Qc7 17. Qb3 Qd7 18. Rd4 b5 19. g4 hxg4 20. fxg4 Qa7 21. c3 Nd7 22. Be2 Ne5 23. a4 Rb8 24. h5 Kf8 25. Rf1 Kg7 26. Qc2 Qc5 27. b4 bxa4 28. Ka2 Qb6 29. Rdf4 Rhc8 30. Rxf7+ Kg8 31. h6 Qe3 32. Bxa6 Rxc3 33. h7+ Kh8 34. Rf8+ Rxf8 35. Rxf8+ Kxh7 36. Qh2+ Qh3 37. Qxh3+ Rxh3 38. Re8 Rb3 39. b5 Kh6 40. Rxe7 Nd3 41. Re4 Nc1+ 42. Ka1 a3 43. Rc4 Ne2 44. Ka2 Rc3 45. Rxc3 Nxc3+ 46. Kxa3 Nxd5 47. Bb7 Nb6 48. Kb4 Kg5 49. Bf3 Kf4 50. Bd1 Ke5 51. Bb3 Kd4 52. Be6 g5 53. Ka5 Kc5 54. Bf5 1/2-1/2

[Event "HUN-ch (Women) 60th"]
[Site "Kisvarda"]
[Date "2012.12.09"]
[Round "6"]
[White "Gara, Ticia"]
[Black "Ruszin, Anna"]
[Result "1-0"]
[WhiteElo "2377"]
[BlackElo "2133"]
[PlyCount "49"]
[EventDate "2012.12.04"]
[EventType "tourn"]
[EventRounds "9"]
[EventCountry "HUN"]
[SourceTitle "EXT 2014"]
[Source "ChessBase"]
[SourceDate "2013.11.20"]
[SourceVersion "1"]
[SourceVersionDate "2013.11.20"]
[SourceQuality "1"]

1. e4 c5 2. Nf3 Nc6 3. d4 cxd4 4. Nxd4 Qb6 5. Nb3 Nf6 6. Nc3 e6 7. Be3 Qc7 8. Bd3 a6 9. f4 d6 10. Qf3 b5 11. 0-0 Bb7 12. Rae1 Be7 13. Qh3 h6 14. f5 exf5 15. Qxf5 Ne5 16. Bd4 0-0 17. h3 Bc8 18. Qf2 Be6 19. Nd5 Bxd5 20. exd5 Nxd3 21. cxd3 Rae8 22. Qg3 Kh8 23. Rf5 Bd8 24. Ref1 Re2 25. Bxf6 1-0

[Event "HUN-ch (Women) 60th"]
[Site "Kisvarda"]
[Date "2012.12.06"]
[Round "3"]
[White "Ruszin, Anna"]
[Black "Papp, Petra"]
[Result "0-1"]
[WhiteElo "2133"]
[BlackElo "2254"]
[PlyCount "84"]
[EventDate "2012.12.04"]
[EventType "tourn"]
[EventRounds "9"]
[EventCountry "HUN"]
[SourceTitle "EXT 2014"]
[Source "ChessBase"]
[SourceDate "2013.11.20"]
[SourceVersion "1"]
[SourceVersionDate "2013.11.20"]
[SourceQuality "1"]

1. e4 c5 2. Nf3 d6 3. d4 cxd4 4. Qxd4 Nf6 5. c4 Nc6 6. Qd3 g6 7. Nc3 Bg7 8. h3 0-0 9. Be2 Nd7 10. 0-0 Nc5 11. Qe3 Bd7 12. Rb1 a5 13. Rd1 a4 14. b4 axb3 15. axb3 f5 16. b4 f4 17. Qd2 Ne6 18. c5 Ncd4 19. cxd6 exd6 20. Nxd4 Nxd4 21. Bc4+ Kh8 22. Ne2 Nxe2+ 23. Bxe2 Ba4 24. Re1 Bc6 25. Bf3 Be5 26. Qd3 Qf6 27. b5 Bd7 28. Rd1 Rac8 29. Bd2 Qg5 30. Kh2 Qh4 31. Be1 g5 32. Kg1 h5 33. Rdc1 g4 34. Rxc8 Bxc8 35. hxg4 hxg4 36. Bd1 g3 37. Bf3 Bg4 38. Rb3 Be6 39. Rb4 Rc8 40. Kf1 Qh1+ 41. Ke2 Rc1 42. Qd2 Rxe1+ 0-1

[Event "HUN-chT2 Szechenyi 1213"]
[Site "Hungary"]
[Date "2012.11.18"]
[Round "4.3"]
[White "Ruszin, Anna"]
[Black "Huszar, Gabor"]
[Result "1-0"]
[WhiteElo "2133"]
[BlackElo "1927"]
[PlyCount "147"]
[EventDate "2012.09.16"]
[EventType "team-tourn"]
[EventRounds "11"]
[EventCountry "HUN"]
[SourceTitle "EXT 2014"]
[Source "ChessBase"]
[SourceDate "2013.11.20"]
[SourceVersion "1"]
[SourceVersionDate "2013.11.20"]
[SourceQuality "1"]
[WhiteTeam "Zala Volan"]
[BlackTeam "Peti MTE"]
[WhiteTeamCountry "HUN"]
[BlackTeamCountry "HUN"]

1. e4 e5 2. Nf3 Nc6 3. Bb5 a6 4. Bxc6 dxc6 5. d4 exd4 6. Qxd4 Qxd4 7. Nxd4 Bc5 8. Ne2 Bg4 9. f3 Be6 10. Nbc3 0-0-0 11. Bd2 f6 12. 0-0-0 Ne7 13. h4 h5 14. a3 Rd7 15. Na4 Ba7 16. Nf4 Bf7 17. Nd3 Ng6 18. g3 Nf8 19. Nac5 Rd8 20. Rhe1 Bxc5 21. Nxc5 Ne6 22. Nxe6 Bxe6 23. Bc3 Rxd1+ 24. Kxd1 Rd8+ 25. Ke2 b6 26. Rg1 Rh8 27. Ke3 Kd7 28. Kf4 Ke7 29. Rh1 Rg8 30. Ke3 Rd8 31. Rg1 Rh8 32. Be1 g6 33. g4 c5 34. gxh5 gxh5 35. Rg7+ Bf7 36. Rg1 Rg8 37. Bg3 c6 38. Kf2 Rd8 39. Bf4 Rd7 40. Re1 b5 41. Be3 c4 42. Bc5+ Ke6 43. Ke3 Rd8 44. f4 f5 45. Kf3 Rd2 46. exf5+ Kxf5 47. Re5+ Kg6 48. f5+ Kf6 49. Kf4 Rd7 50. c3 Bd5 51. Bd4 Kf7 52. f6 Kg6 53. Rg5+ Kh6 54. Kf5 Rf7 55. Be3 Kh7 56. Rxh5+ Kg8 57. Rg5+ Kh7 58. h5 Rd7 59. Bd4 Bg8 60. Kf4 Be6 61. Re5 Bf7 62. Rg5 Be6 63. Ke5 Bg8 64. Rg6 Rd5+ 65. Kf4 Rd7 66. Rg1 Be6 67. Bc5 Bg8 68. Be7 Rd2 69. Ke3 Rd3+ 70. Ke2 Rd5 71. Rg7+ Kh8 72. f7 Re5+ 73. Kd2 Rd5+ 74. Kc1 1-0

[Event "HUN-chT2 Szechenyi 1011"]
[Site "Hungary"]
[Date "2011.03.27"]
[Round "7.2"]
[White "Ruszin, Anna"]
[Black "Porubszky Angyalosine, Maria A"]
[Result "1/2-1/2"]
[WhiteElo "2106"]
[BlackElo "2078"]
[PlyCount "100"]
[EventDate "2010.09.12"]
[EventType "team-tourn"]
[EventRounds "11"]
[EventCountry "HUN"]
[SourceTitle "EXT 2012"]
[Source "ChessBase"]
[SourceDate "2011.11.24"]
[SourceVersion "1"]
[SourceVersionDate "2011.11.24"]
[SourceQuality "1"]
[WhiteTeam "Zala Volan"]
[BlackTeam "Baki Agrocentrum"]
[WhiteTeamCountry "HUN"]
[BlackTeamCountry "HUN"]

1. e4 c5 2. Nf3 e6 3. d4 cxd4 4. Nxd4 Qb6 5. Nc3 Bc5 6. Na4 Qa5+ 7. c3 Bxd4 8. Qxd4 Nf6 9. Nc5 Nc6 10. Qe3 d5 11. Nb3 Qc7 12. Bd3 dxe4 13. Bxe4 Nxe4 14. Qxe4 0-0 15. 0-0 e5 16. f4 Re8 17. fxe5 Rxe5 18. Qd3 Be6 19. Bf4 Qb6+ 20. Kh1 Rd5 21. Qg3 Qd8 22. Bh6 g6 23. Rae1 Qd7 24. Be3 b6 25. Nd4 Nxd4 26. Bxd4 Rc8 27. Qh4 Qd8 28. Bf6 Qf8 29. Be5 Qd8 30. Qf4 Qe7 31. c4 Rd3 32. b3 Qd8 33. Bb2 Bf5 34. Qh6 Qf8 35. Qg5 f6 36. Bxf6 h6 37. Qh4 Rc6 38. Be7 Qg7 39. Qf4 Rc8 40. Ba3 Rd7 41. Rf2 Rd4 42. Qc1 Re4 43. Rxe4 Bxe4 44. Bb2 Qd7 45. Rd2 Qf5 46. Rd1 Rf8 47. Bd4 Bxg2+ 48. Kxg2 Qf3+ 49. Kg1 Rf4 50. Be5 Qf2+ 1/2-1/2

[Event "HUN-chT2 Szechenyi 1011"]
[Site "Hungary"]
[Date "2010.11.07"]
[Round "5.3"]
[White "Odor, Istvan"]
[Black "Ruszin, Anna"]
[Result "1-0"]
[WhiteElo "2009"]
[BlackElo "2106"]
[PlyCount "79"]
[EventDate "2010.09.12"]
[EventType "team-tourn"]
[EventRounds "11"]
[EventCountry "HUN"]
[SourceTitle "EXT 2012"]
[Source "ChessBase"]
[SourceDate "2011.11.24"]
[SourceVersion "1"]
[SourceVersionDate "2011.11.24"]
[SourceQuality "1"]
[WhiteTeam "Sarvar"]
[BlackTeam "Zala Volan"]
[WhiteTeamCountry "HUN"]
[BlackTeamCountry "HUN"]

1. e4 c5 2. Nf3 Nc6 3. d4 cxd4 4. Nxd4 e5 5. Nb5 a6 6. Nd6+ Bxd6 7. Qxd6 Qf6 8. Qd1 Nge7 9. Nc3 d6 10. Be3 0-0 11. Qd2 Be6 12. h4 h6 13. 0-0-0 Rac8 14. Nd5 Bxd5 15. exd5 Nb8 16. g4 Ng6 17. g5 hxg5 18. Bxg5 Qf3 19. Rh3 Qf5 20. Rb3 Nf4 21. Bxf4 Qxf4 22. Qxf4 exf4 23. Rxb7 Rfe8 24. Rb6 Rcd8 25. Rb4 f3 26. Rf4 a5 27. Rxf3 Re4 28. h5 Nd7 29. Bb5 Ne5 30. Rg3 Rf4 31. Rdg1 g6 32. hxg6 fxg6 33. Bd3 Nxd3+ 34. Rxd3 Rxf2 35. Rxg6+ Kf7 36. Rgg3 Rf1+ 37. Rd1 Rf2 38. Rc3 Re8 39. Rc7+ Kf6 40. Rd7 1-0

[Event "HUN-chT2 Szechenyi 1011"]
[Site "Hungary"]
[Date "2010.10.24"]
[Round "4.3"]
[White "Ruszin, Anna"]
[Black "Csaba, Arpad Jr"]
[Result "1-0"]
[WhiteElo "2106"]
[BlackElo "2058"]
[PlyCount "57"]
[EventDate "2010.09.12"]
[EventType "team-tourn"]
[EventRounds "11"]
[EventCountry "HUN"]
[SourceTitle "EXT 2012"]
[Source "ChessBase"]
[SourceDate "2011.11.24"]
[SourceVersion "1"]
[SourceVersionDate "2011.11.24"]
[SourceQuality "1"]
[WhiteTeam "Zala Volan"]
[BlackTeam "Ajka Banyasz"]
[WhiteTeamCountry "HUN"]
[BlackTeamCountry "HUN"]

1. e4 c5 2. Nf3 Nc6 3. d4 cxd4 4. Nxd4 Nf6 5. Nc3 d6 6. Bg5 e6 7. Qd2 h6 8. Bxf6 gxf6 9. 0-0-0 a6 10. f4 h5 11. Kb1 Bd7 12. Bc4 Na5 13. Be2 b5 14. e5 d5 15. exf6 b4 16. Nxd5 Bc5 17. Ne7 Qc7 18. Rhe1 Rh6 19. f5 Rxf6 20. Ng8 Bxd4 21. Qxd4 Rxf5 22. Nf6+ Rxf6 23. Qxf6 Rc8 24. Bxh5 Qxc2+ 25. Ka1 Qh7 26. Rxe6+ Kf8 27. Qe7+ Kg8 28. Qxd7 Rf8 29. Re3 1-0

[Event "HUN-chT2 Szechenyi 1011"]
[Site "Hungary"]
[Date "2010.10.10"]
[Round "3.2"]
[White "Ruszin, Anna"]
[Black "Gjuran, Denis"]
[Result "1/2-1/2"]
[WhiteElo "2106"]
[BlackElo "2357"]
[PlyCount "106"]
[EventDate "2010.09.12"]
[EventType "team-tourn"]
[EventRounds "11"]
[EventCountry "HUN"]
[SourceTitle "EXT 2012"]
[Source "ChessBase"]
[SourceDate "2011.11.24"]
[SourceVersion "1"]
[SourceVersionDate "2011.11.24"]
[SourceQuality "1"]
[WhiteTeam "Zala Volan"]
[BlackTeam "Alsoszolnok"]
[WhiteTeamCountry "HUN"]
[BlackTeamCountry "HUN"]

1. e4 c5 2. Nf3 g6 3. d4 cxd4 4. Qxd4 Nf6 5. Bb5 a6 6. e5 axb5 7. exf6 Nc6 8. fxe7 Qxe7+ 9. Qe3 b4 10. 0-0 Qxe3 11. Bxe3 Bg7 12. c3 0-0 13. Nd4 bxc3 14. bxc3 Ra4 15. Rd1 d5 16. Nxc6 bxc6 17. Bd4 Bf5 18. Bxg7 Kxg7 19. Rd4 Re8 20. Nd2 Ra3 21. g4 Be6 22. Nb1 Ra5 23. f3 c5 24. Rd1 Rb8 25. Nd2 Ra3 26. Nb1 Ra4 27. Kf2 Kf6 28. h3 g5 29. Kg3 h5 30. Rd2 h4+ 31. Kf2 d4 32. cxd4 cxd4 33. Rc2 Rab4 34. Nd2 Rb2 35. Rac1 Bxa2 36. Ke2 Rxc2 37. Rxc2 Bd5 38. Rc5 Ke6 39. Kd3 Kd6 40. Ra5 Rb4 41. Ra6+ Ke5 42. Ra5 f6 43. f4+ Kxf4 44. Rxd5 Kg3 45. Ke2 Kxh3 46. Kf3 Ra4 47. Ne4 Ra3+ 48. Kf2 Kxg4 49. Nxf6+ Kf4 50. Nh5+ Ke4 51. Nf6+ Kf4 52. Nh5+ Ke4 53. Nf6+ Kf4 1/2-1/2

[Event "HUN-chT2 Szechenyi 0910"]
[Site "Hungary"]
[Date "2009.12.06"]
[Round "3.1"]
[White "Rako, Istvan"]
[Black "Ruszin, Anna"]
[Result "0-1"]
[WhiteElo "2153"]
[BlackElo "2091"]
[PlyCount "104"]
[EventDate "2009.11.08"]
[EventType "team-tourn"]
[EventRounds "11"]
[EventCountry "HUN"]
[SourceTitle "EXT 2011"]
[Source "ChessBase"]
[SourceDate "2010.11.26"]
[SourceVersion "1"]
[SourceVersionDate "2010.11.26"]
[SourceQuality "1"]
[WhiteTeam "FKMK"]
[BlackTeam "Zala Volan"]
[WhiteTeamCountry "HUN"]
[BlackTeamCountry "HUN"]

1. e4 c5 2. Nf3 Nc6 3. d4 cxd4 4. Nxd4 e5 5. Nb5 d6 6. N1c3 a6 7. Na3 b5 8. Nd5 Nge7 9. Be3 Nxd5 10. exd5 Ne7 11. c4 Nf5 12. Bd2 Be7 13. Bd3 Nh4 14. 0-0 0-0 15. cxb5 f5 16. Re1 Qe8 17. g3 Ng6 18. bxa6 Bxa6 19. Bxa6 Rxa6 20. Qe2 Rb6 21. Bc3 f4 22. Rad1 f3 23. Qe4 Qd7 24. Re3 Nh4 25. Qd3 Rf6 26. Nc4 Rb8 27. Qf1 Ng6 28. Rdd3 Rbf8 29. Nd2 Qa4 30. Rxf3 Qxa2 31. Rxf6 gxf6 32. Qe2 f5 33. Nf1 Bf6 34. Rd1 Bg7 35. f3 Qa4 36. Kg2 Qd7 37. Nd2 Rc8 38. Nc4 Qb5 39. b3 Qxb3 40. Nxd6 Rxc3 41. Nxf5 Bf6 42. Rd2 Bg5 43. f4 Bxf4 44. Qa6 Bxd2 45. Qe6+ Kf8 46. Qf6+ Ke8 47. Qe6+ Kd8 48. Qg8+ Kc7 49. d6+ Kb6 50. Qb8+ Ka5 51. Qa8+ Kb4 52. d7 Bg5 0-1

[Event "Devecser Esterhazy Memorial op"]
[Site "Devecser"]
[Date "2009.07.04"]
[Round "5"]
[White "Ruszin, Anna"]
[Black "Leviczki, Tibor"]
[Result "0-1"]
[WhiteElo "2075"]
[BlackElo "2357"]
[PlyCount "102"]
[EventDate "2009.07.02"]
[EventType "swiss"]
[EventRounds "7"]
[EventCountry "HUN"]
[SourceTitle "EXT 2011"]
[Source "ChessBase"]
[SourceDate "2010.11.26"]
[SourceVersion "1"]
[SourceVersionDate "2010.11.26"]
[SourceQuality "1"]

1. e4 c5 2. Nf3 e6 3. d4 cxd4 4. Nxd4 a6 5. Bd3 Nf6 6. 0-0 Qc7 7. c4 Nc6 8. Nf3 d6 9. Nc3 Be7 10. Be3 0-0 11. Rc1 Nb8 12. Qe2 Nbd7 13. h3 b6 14. Bb1 Bb7 15. Rfd1 Rac8 16. b3 Qb8 17. Bd4 Rfe8 18. Re1 Bc6 19. Qd2 Qa8 20. Be3 Nc5 21. Bxc5 bxc5 22. Rcd1 Nd7 23. Re3 Rcd8 24. Qc2 g6 25. Rde1 Bf6 26. Qd3 Qb8 27. Rd1 Ne5 28. Nxe5 Bxe5 29. Ne2 Qb7 30. Qc2 Qe7 31. f4 Bg7 32. Rf1 Qb7 33. Rg3 f5 34. exf5 exf5 35. Nc3 Re6 36. Kh2 Rde8 37. Qd2 Kh8 38. h4 Bd4 39. h5 Qf7 40. Bd3 Re3 41. Rxe3 Bxe3 42. Qc2 Qf6 43. Kh3 Bd4 44. Nd5 Qf7 45. g3 a5 46. hxg6 hxg6 47. Qd2 Kg7 48. g4 Bxd5 49. cxd5 Re3+ 50. Kh2 fxg4 51. Bc4 Qf5 0-1

[Event "HUN-chT2 Szechenyi 0809"]
[Site "Hungary"]
[Date "2009.04.19"]
[Round "11.1"]
[White "Ruszin, Anna"]
[Black "Horvath, Imre"]
[Result "0-1"]
[WhiteElo "2138"]
[BlackElo "2303"]
[PlyCount "46"]
[EventDate "2008.10.26"]
[EventType "team-tourn"]
[EventRounds "11"]
[EventCountry "HUN"]
[SourceTitle "EXT 2010"]
[Source "ChessBase"]
[SourceDate "2010.11.25"]
[SourceVersion "1"]
[SourceVersionDate "2010.11.25"]
[SourceQuality "1"]
[WhiteTeam "Zala Volan"]
[BlackTeam "Keszthely"]
[WhiteTeamCountry "HUN"]
[BlackTeamCountry "HUN"]

1. e4 c6 2. d4 d5 3. e5 Bf5 4. Nc3 e6 5. g4 Bg6 6. Nge2 c5 7. h4 cxd4 8. Nxd4 h5 9. Bg5 Qc7 10. Bb5+ Nc6 11. Qe2 a6 12. Ba4 Bb4 13. Nxc6 bxc6 14. 0-0 hxg4 15. Qxg4 Be7 16. Rae1 Nh6 17. Qf4 Bxg5 18. hxg5 Nf5 19. Qb4 Rh4 20. f4 0-0-0 21. Rf2 Rdh8 22. Rg2 Qa7+ 23. Kf1 Rh1+ 0-1

[Event "HUN-chT2 Szechenyi 0809"]
[Site "Hungary"]
[Date "2008.12.21"]
[Round "4.1"]
[White "Ruszin, Anna"]
[Black "Nagy, Bence"]
[Result "1-0"]
[WhiteElo "2138"]
[BlackElo "2341"]
[PlyCount "21"]
[EventDate "2008.10.26"]
[EventType "team-tourn"]
[EventRounds "11"]
[EventCountry "HUN"]
[SourceTitle "EXT 2010"]
[Source "ChessBase"]
[SourceDate "2010.11.25"]
[SourceVersion "1"]
[SourceVersionDate "2010.11.25"]
[SourceQuality "1"]
[WhiteTeam "Zala Volan"]
[BlackTeam "Lovo"]
[WhiteTeamCountry "HUN"]
[BlackTeamCountry "HUN"]

1. e4 c5 2. Nf3 d6 3. d4 Nf6 4. Nc3 cxd4 5. Nxd4 g6 6. f4 Bg7 7. e5 dxe5 8. fxe5 Nfd7 9. e6 Ne5 10. Bb5+ Kf8 11. Be3 1-0